• 首页
  • 本馆介绍
  • 公告通知
  • 最新文献
  • 馆藏检索
  • 电子资源
  • 读者导购
  • 参考咨询
  • 我的图书馆
  • 登录
  • 详细信息显示
  • 放入我的书架
  • 预约/预借图书
  • 作者相关作品
  • 分类相关作品
  • 丛书相关作品
  • 出版社相关作品

书目信息

  • 表格格式
  • 工作单格式
  • 卡片格式
题名:
宋元明话本小说选
    
 
作者: 萧欣桥 注
分册:  
出版信息: 南昌   江西人民出版社  1980.11
页数: 685页
开本: 19cm
丛书名:
单 册:
中图分类: K242.3
科图分类:
主题词: 中国--历史
电子资源:
ISBN:
000 00574nam0 2200205 45
001 0312221749
005 20040218165124.3
010    @dCNY1.67
091    @a10110.153
100    @a20031222d1980 km y0chiy0120 ea
101    @achi
105    @a z 000yy
200 1  @a宋元明话本小说选@ASong Yuan Ming Hua Ben Xiao Shuo Xuan@f萧欣桥注@FXiao Xin Qiao Zhu
210    @a南昌@c江西人民出版社@d1980.11
215    @a685页@d19cm
606 0  @a中国@x历史
690    @aK242.3@v3
701 0  @a萧欣桥@4注
801    @aCN@bTSTCL@c20031222
905    @dK242.3@e2@f2@b104670-671@b171907@f1
    
    宋元明话本小说选/萧欣桥注.-南昌:江西人民出版社,1980.11
    685页;19cm
    
    
    ISBN :CNY1.67
    
●
相关链接 在E读中查询图书 在五车中查询图书 在当当中查询图书 在豆瓣中查询图书


正题名:宋元明话本小说选     索取号:K242.3/2         预约/预借

序号 登录号 条形码 馆藏地/架位号 状态 备注
1 0083352   001745213   密集书库/ [索取号:K242.3/2] 在馆    
2 0104668   001745222   密集书库/ [索取号:K242.3/2] 在馆    
3 0104670   001874699   密集书库/ [索取号:K242.3/2] 在馆    
4 0104671   001874653   密集书库/ [索取号:K242.3/2] 在馆    
5 0171907   001874742   密集书库/ [索取号:K242.3/2] 在馆    
唐山师范学院图书馆 欢迎您!
大连网信软件有限公司© 版权所有